000 00954nam a2200193 a 4500
005 20260322212052.0
008 data
010 _a13-008298
092 _a977 R96 1913
100 1 _aRussell, Thomas Herbert,
_d1862-1947
245 1 0 _aStory of the great flood and cyclone disasters, America's greatest calamity;
_cEdited by Thomas H. Russell.
260 _a[Chicago]
_bPrinted by Robt. O. Law Co.
_cc1913
300 _a320 p. :
_b front., illlus., plates. ;
_c 21 cm.
500 _aIn Library storage.
520 _aA complete and authentic account of the awful flood of 1913 in the rich and fertile valleys of Ohio and Indiana. President Wilson's appeal for aid and the country's noble response. The Omaha tornado; graphic and tragic story of the terrible tornado that struck Omaha and vicinity, killing many people and destroying hundreds of homes.
650 0 2 _aNatural Disasters
_xhistory
650 0 2 _aNatural Disasters
_zNebraska
_xhistory
001 data
999 _c1242
_d1242